Ist Spanien ein interreligiöser Glücksfall für Europa?: Anmerkungen zur Bedeutung der Geschichte für das Religionsgespräch der Gegenwart

Saved in:  
Bibliographic Details
Main Author: Tischler, Matthias M. 1968- (Author)
Format: Print Article
Language:German
Check availability: HBZ Gateway
Interlibrary Loan:Interlibrary Loan for the Fachinformationsdienste (Specialized Information Services in Germany)
Published: 2006
In: Interreligiöser Dialog
Year: 2006, Pages: 145-161

MARC

LEADER 00000caa a2200000 c 4500
001 844759244
003 DE-627
005 20220720152931.0
007 tu
008 151221s2006 xx ||||| 00| ||ger c
020 |a 9783825884185 
035 |a (DE-627)844759244 
035 |a (DE-599)GBV844759244 
040 |a DE-627  |b ger  |c DE-627  |e rakwb 
041 |a ger 
084 |a 0  |2 ssgn 
100 1 |0 (DE-588)12335658X  |0 (DE-627)503027758  |0 (DE-576)293673144  |4 aut  |a Tischler, Matthias M.  |d 1968- 
109 |a Tischler, Matthias M. 1968-  |a Tischler, Matthias Martin 1968-  |a Tischler, Matthias 1968- 
245 1 0 |a Ist Spanien ein interreligiöser Glücksfall für Europa?  |b Anmerkungen zur Bedeutung der Geschichte für das Religionsgespräch der Gegenwart  |c Matthias M. Tischler 
264 1 |c 2006 
336 |a Text  |b txt  |2 rdacontent 
337 |a ohne Hilfsmittel zu benutzen  |b n  |2 rdamedia 
338 |a Band  |b nc  |2 rdacarrier 
601 |a Geschichte 
601 |a Gegenwart 
601 |a Religionsgespräch 
773 0 8 |i In  |t Interreligiöser Dialog  |d Berlin : Lit-Verl., 2006  |g (2006), Seite 145-161  |h II, 233 Seiten  |w (DE-627)496520954  |w (DE-576)252272307  |z 9783825884185  |z 382588418X  |7 nnam 
773 1 8 |g year:2006  |g pages:145-161 
951 |a AR 
ELC |b 1 
ITA |a 1  |t 1 
ORI |a SA-MARC-ixtheo_oa001.raw 
REL |a 1 
SUB |a REL